Società fondate in italia - Statistics

Statistiche generali
  • Questo quiz è stato fatto 39 volte
  • Il punteggio medio è 10 su 19
Statistiche sulle risposte
Domanda Risposta % Corretto
Pull&Bear è stata fondata in Italia? No
87%
Timberland è stata fondata in Italia? No
87%
Desigual è stata fondata in Italia? No
77%
Technogym è stata fondata in Italia?
74%
Diesel è stata fondata in Italia?
69%
Zara è stata fondata in Italia? No
67%
Ray-Ban è stata fondata in Italia? No
64%
Mango è stata fondata in Italia? No
49%
Colmar è stata fondata in Italia?
49%
Old Wild West è stata fondata in Italia?
49%
Stradivarius è stata fondata in Italia? No
46%
Golden Goose è stata fondata in Italia?
41%
Loacker è stata fondata in Italia?
41%
Yamamay è stata fondata in Italia?
41%
Stone Island è stata fondata in Italia?
36%
Nivea è stata fondata in Italia? No
33%
Napapijri è stata fondata in Italia?
31%
Nespresso è stata fondata in Italia? No
28%
Massimo Dutti è stata fondata in Italia? No
15%
Nessun quiz corrispondente trovato
Distribuzione punteggi
Percentuale di utenti per punteggio
Percentile per numero di risposta
I tuoi punteggi nel tempo
Non hai fatto questo quiz